[Event "SVK ECo-C Extraliga 2018-19"]
[Site "Slovakia"]
[Date "2019.03.09"]
[Round "7.4"]
[White "Bures, Jaroslav"]
[Black "Bulski, Krzysztof"]
[Result "1/2-1/2"]
[WhiteElo "2391"]
[BlackElo "2538"]
[Annotator "TA"]
[PlyCount "48"]
[EventDate "2018.11.10"]
[EventType "team-tourn"]
[EventCountry "SVK"]
[SourceTitle "playchess.com"]
[Source "ChessBase"]
[SourceQuality "1"]
[WhiteTeam "Slovan"]
[BlackTeam "1"]

{[%evp 15,48,21,21,0,24,0,0,0,0,0,0,-19,0,-23,-22,-20,-21,-28,-10,-20,0,-10,0,-14,-8,0,-6,-39,-12,-71,-50,-106,52,45,32]} 1. d4 Nf6 2. c4 e6 3. Nc3 Bb4 4. e3 O-O 5. Bd3 d5 6. a3 Be7 7. Nf3 b6 {E51: Nimzo-Indian: Rubinstein: 4...0-0 5 Nf3 d5} (7... c5 8. cxd5 cxd4 9. exd4 Nxd5 10. O-O Nc6 11. Re1 Bf6 12. Be4 Nce7 13. Qd3 h6 14. Ne5 Nxc3 15. Qxc3 Nf5 16. Be3 Nxe3 17. Rxe3 Qb6 18. Rd1 {½-½ (18) Jakovenko,D (2718)-Dubov,D (2660) Poikovsky 2017}) 8. cxd5 exd5 {LiveBook: 4 Games} 9. Ne5 Bb7 {The position is equal.} 10. O-O c5 11. b3 Nc6 12. Nxc6 Bxc6 13. Qf3 $146 ({Predecessor:} 13. Bb2 Re8 14. Rc1 Qd7 15. a4 cxd4 16. exd4 Bd6 {½-½ (37) Piot,O (2272)-Vallin,G (2425) France 2009}) 13... Re8 14. Rd1 Qd7 15. Bb2 cxd4 16. exd4 Bd6 17. Re1 Rad8 18. h3 Qb7 19. b4 Bb8 20. b5 Bd7 21. Kf1 Be6 22. g4 (22. Ne2 $11 {remains equal.}) 22... h6 23. Bc1 (23. Re3 $15) 23... Ne4 $2 {[#]} ({Black should play} 23... Qc8 $17 {[%cal Rf6g4] And now ...Nxg4 would win.} 24. Bd2 {[#]} h5 $1 {[%mdl 512]} 25. gxh5 Bxh3+ 26. Kg1 Bg4 {[%mdl 64] Double Attack}) 24. Nxe4 $14 dxe4 {Accuracy: White = 40%, Black = 33%.} 1/2-1/2

[Event "SVK ECo-C Extraliga 2018-19"]
[Site "Slovakia"]
[Date "2019.03.09"]
[Round "7.4"]
[White "Jaroslav, IM Bures"]
[Black "Krzysztof, GM Bulski"]
[Result "1/2-1/2"]
[WhiteElo "2391"]
[BlackElo "2538"]
[Annotator "ChessBase"]
[PlyCount "48"]
[EventDate "2018.11.10"]
[EventType "team-tourn"]
[EventCountry "SVK"]
[SourceTitle "playchess.com"]
[Source "ChessBase"]
[SourceQuality "1"]
[WhiteTeam "2"]
[BlackTeam "1"]
[TimeControl "40/5400+30:1800+30"]

1. d4 {[%emt 0:00:00]} Nf6 {[%emt 0:04:01]} 2. c4 {[%emt 0:00:04]} e6 {[%emt 0:00:15]} 3. Nc3 {[%emt 0:00:03]} Bb4 {[%emt 0:00:06]} 4. e3 {[%emt 0:00:03]} O-O {[%emt 0:00:37]} 5. Bd3 {[%emt 0:00:05]} d5 {[%emt 0:06:46]} 6. a3 {[%emt 0:01:04]} Be7 {[%emt 0:05:22]} 7. Nf3 {[%emt 0:01:50]} b6 {[%emt 0:02:32]} 8. cxd5 {[%emt 0:01:34]} exd5 {[%emt 0:02:25]} 9. Ne5 {[%emt 0:01:48]} Bb7 {[%emt 0:01:55]} 10. O-O {[%emt 0:04:18]} c5 {[%emt 0:11:55]} 11. b3 {[%emt 0:17:41]} Nc6 {[%emt 0:04:32]} 12. Nxc6 Bxc6 {[%emt 0:01:21]} 13. Qf3 {[%emt 0:07:55]} Re8 {[%emt 0:09:42]} 14. Rd1 {[%emt 0:05:18]} Qd7 {[%emt 0:04:17]} 15. Bb2 {[%emt 0:03:41]} cxd4 {[%emt 0:06:47]} 16. exd4 {[%emt 0:01:06]} Bd6 {[%emt 0:09:23]} 17. Re1 {[%emt 0:13:33]} Rad8 {[%emt 0:05:40]} 18. h3 {[%emt 0:09:25]} Qb7 {[%emt 0:02:46]} 19. b4 {[%emt 0:05:15]} Bb8 {[%emt 0:02:12]} 20. b5 {[%emt 0:05:11]} Bd7 {[%emt 0:01:22]} 21. Kf1 {[%emt 0:03:25]} Be6 {[%emt 0:03:14]} 22. g4 {[%emt 0:08:18]} h6 {[%emt 0:06:37]} 23. Bc1 {[%emt 0:02:47]} Ne4 {[%emt 0:00:43]} 24. Nxe4 dxe4 {[%emt 0:00:05]} 1/2-1/2

[Event "SVK ECo-C Extraliga 2018-19"]
[Site "Slovakia"]
[Date "2019.03.09"]
[Round "7.4"]
[White "Krak, Tomas"]
[Black "Rigo, Zsolt"]
[Result "0-1"]
[WhiteElo "2298"]
[BlackElo "2395"]
[Annotator "NA"]
[PlyCount "76"]
[EventDate "2018.11.10"]
[EventType "team-tourn"]
[EventCountry "SVK"]
[SourceTitle "playchess.com"]
[Source "ChessBase"]
[SourceQuality "1"]
[WhiteTeam "Snina"]
[BlackTeam "Modra"]
[TimeControl "40/5400+30:1800+30"]

1. e4 {[%emt 0:00:00]} c5 {[%emt 0:00:00]} 2. Nc3 {[%emt 0:01:55]} Nc6 {[%emt 0:08:21]} 3. Nf3 {[%emt 0:01:07]} d6 {[%emt 0:00:58]} 4. d4 {[%emt 0:00:33]} cxd4 {[%emt 0:00:06]} 5. Nxd4 {[%emt 0:00:04]} Nf6 {[%emt 0:00:06]} 6. Bg5 {[%emt 0:02:20]} e6 {[%emt 0:00:10]} 7. Bb5 {[%emt 0:00:24]} Bd7 {[%emt 0:00:48]} 8. Bxc6 {[%emt 0:00:43]} bxc6 {[%emt 0:00:26]} 9. Qf3 {[%emt 0:00:07]} h6 {[%emt 0:01:30]} 10. Bh4 {[%emt 0:01:03]} Qb6 {[%emt 0:02:43]} 11. O-O-O {[%emt 0:04:49]} Rb8 {[%emt 0:00:56]} 12. Nb3 {[%emt 0:03:42]} c5 {[%emt 0:04:10]} 13. Bxf6 {[%emt 0:02:56]} gxf6 {[%emt 0:00:13]} 14. Qxf6 {[%emt 0:00:04]} Rg8 {[%emt 0:01:11]} 15. Nd5 {[%emt 0:00:36]} exd5 {[%emt 0:01:25]} 16. exd5 {[%emt 0:00:06]} Be7 {[%emt 0:02:05]} 17. Rhe1 {[%emt 0:06:50]} Be6 {[%emt 0:02:11]} 18. Qc3 {[%emt 0:13:03]} Qb4 {[%emt 0:05:28]} 19. Qxb4 {[%emt 0:35:51]} Rxb4 {[%emt 0:00:10]} 20. dxe6 {[%emt 0:01:23]} Rxg2 {[%emt 0:00:05]} 21. Na5 {[%emt 0:05:54]} Rf4 {[%emt 0:27:57]} 22. Nc6 {[%emt 0:04:01]} Bg5 {[%emt 0:02:27]} 23. Kb1 {[%emt 0:00:34]} Rfxf2 {[%emt 0:01:53]} 24. h4 {[%emt 0:06:24]} Bxh4 {[%emt 0:07:40]} 25. Rxd6 {[%emt 0:03:11]} Rxc2 {[%emt 0:01:29]} 26. exf7+ {[%emt 0:01:32]} Kxf7 {[%emt 0:11:25]} 27. Rf1+ {[%emt 0:00:07]} Kg8 {[%emt 0:01:45]} 28. Rg1 {[%emt 0:03:17]} Rxb2+ {[%emt 0:00:56]} 29. Ka1 {[%emt 0:00:03]} Rxa2+ {[%emt 0:04:58]} 30. Kb1 {[%emt 0:00:01]} Rab2+ {[%emt 0:00:26]} 31. Ka1 {[%emt 0:00:05]} Bg5 {[%emt 0:01:07]} 32. Rxg2 {[%emt 0:00:20]} Rxg2 {[%emt 0:00:01]} 33. Ne5 {[%emt 0:02:06]} h5 {[%emt 0:03:51]} 34. Nf3 {[%emt 0:00:41]} Kg7 {[%emt 0:01:14]} 35. Rd5 {[%emt 0:00:52]} Bf6+ {[%emt 0:00:14]} 36. Kb1 {[%emt 0:00:03]} Rf2 {[%emt 0:01:29]} 37. Nd2 {[%emt 0:00:16]} h4 {[%emt 0:00:42]} 38. Ne4 {[%emt 0:00:12]} Re2 {[%emt 0:02:07]} 0-1

[Event "SVK ECo-C Extraliga 2018-19"]
[Site "Slovakia"]
[Date "2019.03.09"]
[Round "7.4"]
[White "Molnar, Erno"]
[Black "Hausner, Ivan"]
[Result "0-1"]
[WhiteElo "2252"]
[BlackElo "2338"]
[Annotator "NA"]
[PlyCount "63"]
[EventDate "2018.11.10"]
[EventType "team-tourn"]
[EventCountry "SVK"]
[SourceTitle "playchess.com"]
[Source "ChessBase"]
[SourceQuality "1"]
[WhiteTeam "Komarno"]
[BlackTeam "Liptovska"]
[TimeControl "40/5400+30:1800+30"]

1. e4 {[%emt 0:00:00]} c5 {[%emt 0:00:00]} 2. Nf3 {[%emt 0:00:00]} d6 {[%emt 0:00:00]} 3. d4 {[%emt 0:00:00]} cxd4 {[%emt 0:00:00]} 4. Nxd4 {[%emt 0:00:00]} Nf6 {[%emt 0:00:00]} 5. Nc3 {[%emt 0:00:00]} Nc6 {[%emt 0:00:00]} 6. Bg5 {[%emt 0:07:24]} e6 {[%emt 0:00:04]} 7. Qd2 {[%emt 0:03:37]} a6 {[%emt 0:00:08]} 8. f3 {[%emt 0:03:07]} Be7 {[%emt 0:00:11]} 9. O-O-O {[%emt 0:01:32]} Bd7 {[%emt 0:03:20]} 10. h4 {[%emt 0:04:22]} h5 {[%emt 0:00:14] B67: Sicilian: Richter-Rauzer: 7...a6 8 0-0-0 Bd7, lines without 9 f4 Be7} (10... Nxd4 11. Qxd4 Bc6 12. Kb1 O-O 13. Qd2 b5 14. Bd3 b4 15. Ne2 a5 16. Be3 Qb8 17. g4 a4 18. Nd4 Bd7 19. h5 b3 20. g5 bxa2+ 21. Ka1 Ne8 22. g6 {0-1 (43) Smirin,I (2609)-Dubov,D (2703) St Petersburg 2018}) 11. f4 {[%emt 0:12:20]} b5 {[%emt 0:00:43]} 12. f5 $146 {[%emt 0:24:21]} ({Predecessor:} 12. Qe1 b4 13. Nb1 Qb6 14. Nxc6 Bxc6 15. Nd2 Bb5 16. e5 dxe5 17. fxe5 Ng4 18. Bxe7 Kxe7 19. Qe4 Rac8 20. Re1 a5 21. Bxb5 Qxb5 22. Rhf1 Qc6 23. Qh7 Nh6 24. Qd3 Rcd8 25. Qe2 {½-½ (25) Lakshmi Sahithi,P (2134)-Kiran,M (2261) Tashkent 2007}) 12... b4 {[%emt 0:03:29]} 13. fxe6 {[%emt 0:12:35]} fxe6 {[%emt 0:01:20]} 14. Nxc6 {[%emt 0:03:27]} Bxc6 {[%emt 0:00:12]} 15. Bxf6 {[%emt 0:01:59]} Bxf6 {[%emt 0:03:12]} 16. Ne2 {[%emt 0:05:20]} Rc8 {[%emt 0:03:50]} 17. Nd4 {[%emt 0:05:05]} Qb6 {[%emt 0:02:40]} 18. Nxc6 {[%emt 0:08:54]} Rxc6 {[%emt 0:00:09]} 19. Kb1 {[%emt 0:00:08]} O-O {[%emt 0:01:31]} 20. Be2 {[%emt 0:00:45]} Qc5 {[%emt 0:00:12]} 21. g4 $19 {[%emt 0:01:51]} (21. Rh3 $17 {was called for.}) 21... Rfc8 {[%emt 0:04:35]} 22. Bd3 {[%emt 0:02:05]} hxg4 {[%emt 0:01:32]} 23. Rdg1 {[%emt 0:00:35]} Qe5 {[%emt 0:00:12]} 24. Qc1 {[%emt 0:00:05]} Rc3 {[%emt 0:03:03]} 25. Rd1 {[%emt 0:01:00]} a5 {[%emt 0:00:15]} 26. a4 {[%emt 0:01:41]} bxa3 {[%emt 0:03:29]} 27. bxc3 {[%emt 0:00:41]} Rb8+ {[%emt 0:00:56]} 28. Ka2 {[%emt 0:00:25]} Qxc3 {[%emt 0:00:22]} 29. Bb5 {[%emt 0:00:23]} Rxb5 {[%emt 0:00:07]} 30. Rd3 {[%emt 0:00:03]} Rb2+ {[%emt 0:00:33]} 31. Ka1 {[%emt 0:00:02]} Qc4 {[%emt 0:00:38]} 32. Rf1 {[%emt 0:01:19]} 0-1

[Event "SVK ECo-C Extraliga 2018-19"]
[Site "Slovakia"]
[Date "2019.03.09"]
[Round "7.5"]
[White "Marcin, GM Tazbir"]
[Black "Claudiu, FM Zetocha"]
[Result "1/2-1/2"]
[WhiteElo "2532"]
[BlackElo "2316"]
[Annotator "ChessBase"]
[PlyCount "82"]
[EventDate "2018.11.10"]
[EventType "team-tourn"]
[EventCountry "SVK"]
[SourceTitle "playchess.com"]
[Source "ChessBase"]
[SourceQuality "1"]
[WhiteTeam "1"]
[BlackTeam "2"]
[TimeControl "40/5400+30:1800+30"]

1. e4 {[%emt 0:00:00]} c5 {[%emt 0:00:00]} 2. Nf3 {[%emt 0:00:00]} e6 {[%emt 0:00:00]} 3. d3 {[%emt 0:00:00]} Nc6 {[%emt 0:03:03]} 4. g3 {[%emt 0:00:00]} Nge7 {[%emt 0:06:00]} 5. Bg2 {[%emt 0:00:09]} g6 {[%emt 0:00:37]} 6. Be3 {[%emt 0:05:06]} Bg7 {[%emt 0:04:26]} 7. Qc1 {[%emt 0:04:23]} h6 {[%emt 0:15:51]} 8. O-O {[%emt 0:02:25]} d6 {[%emt 0:02:58]} 9. a4 {[%emt 0:02:51]} e5 {[%emt 0:04:31]} 10. c3 {[%emt 0:08:28]} Bg4 {[%emt 0:08:30]} 11. h3 {[%emt 0:01:49]} Be6 {[%emt 0:00:40]} 12. Kh2 {[%emt 0:05:33]} Qd7 {[%emt 0:05:20]} 13. c4 {[%emt 0:07:46]} g5 {[%emt 0:09:32]} 14. Nc3 {[%emt 0:03:52]} f5 {[%emt 0:04:11]} 15. exf5 Bxf5 {[%emt 0:00:10]} 16. Ne4 {[%emt 0:02:30]} Ng6 {[%emt 0:13:08]} 17. Ng1 {[%emt 0:06:07]} O-O {[%emt 0:04:33]} 18. Qd1 {[%emt 0:04:28]} Nge7 {[%emt 0:03:57]} 19. Ne2 {[%emt 0:03:36]} Rad8 {[%emt 0:01:22]} 20. a5 {[%emt 0:06:06]} Nd4 {[%emt 0:03:32]} 21. Nxd4 {[%emt 0:04:12]} cxd4 {[%emt 0:02:57]} 22. Bd2 {[%emt 0:00:57]} d5 {[%emt 0:01:41]} 23. cxd5 Nxd5 {[%emt 0:00:56]} 24. Qb3 {[%emt 0:02:04]} Qf7 {[%emt 0:00:14]} 25. Rac1 {[%emt 0:04:07]} Kh8 {[%emt 0:00:11]} 26. a6 {[%emt 0:03:07]} bxa6 {[%emt 0:00:31]} 27. Rc6 {[%emt 0:04:24]} Ne3 {[%emt 0:00:22]} 28. Qxf7 {[%emt 0:00:53]} Nxf1+ {[%emt 0:00:04]} 29. Kg1 {[%emt 0:00:34]} Rxf7 {[%emt 0:00:05]} 30. Kxf1 {[%emt 0:00:05]} Rb7 {[%emt 0:00:32]} 31. b4 {[%emt 0:01:12]} Rb6 {[%emt 0:01:11]} 32. Rc7 {[%emt 0:00:14]} Rd7 {[%emt 0:00:20]} 33. Rc8+ {[%emt 0:00:20]} Kh7 {[%emt 0:00:06]} 34. g4 {[%emt 0:00:19]} Bg6 {[%emt 0:00:09]} 35. Ke2 {[%emt 0:01:34]} Rf7 {[%emt 0:01:31]} 36. Nc5 {[%emt 0:01:43]} Rbf6 {[%emt 0:01:07]} 37. Be1 {[%emt 0:00:04]} Rf8 {[%emt 0:02:20]} 38. Rc7 {[%emt 0:00:05]} R8f7 {[%emt 0:00:05]} 39. Rc8 {[%emt 0:00:02]} Rf8 {[%emt 0:00:15]} 40. Rc7 {[%emt 0:00:02]} R8f7 {[%emt 0:00:55]} 41. Rc8 {[%emt 0:30:08]} Rf8 {[%emt 0:10:08]} 1/2-1/2

[Event "SVK ECo-C Extraliga 2018-19"]
[Site "Slovakia"]
[Date "2019.03.09"]
[Round "7.5"]
[White "Tazbir, Marcin"]
[Black "Zetocha, Claudiu"]
[Result "1/2-1/2"]
[WhiteElo "2532"]
[BlackElo "2316"]
[Annotator "TA"]
[PlyCount "82"]
[EventDate "2018.11.10"]
[EventType "team-tourn"]
[EventCountry "SVK"]
[SourceTitle "playchess.com"]
[Source "ChessBase"]
[SourceQuality "1"]
[WhiteTeam "Dunajov"]
[BlackTeam "Slovan"]

{[%evp 9,82,6,0,-15,-2,-13,0,0,0,2,7,-53,0,-46,-43,-71,-52,-56,-41,-49,-41,-45,-39,-65,-27,-42,-33,-33,-33,-36,-36,-42,26,25,44,26,27,31,33,35,36,-12,31,-98,16,-323,-342,-328,-331,-325,-327,-325,-247,-240,-237,-257,-144,-149,-152,-152,-154,-189,-179,-174,-59,-187,-172,-158,0,-180,0,-161,0,-169,0]} 1. e4 c5 2. Nf3 e6 3. d3 Nc6 4. g3 Nge7 5. Bg2 g6 6. Be3 {B40: Sicilian: 2...e6, Unusual lines} (6. O-O Bg7 7. c3 O-O 8. Re1 e5 9. a3 d6 10. b4 Be6 11. b5 Nb8 12. c4 h6 13. Nc3 Nd7 14. Nd5 a6 15. Rb1 axb5 16. Rxb5 b6 17. Qb3 Ra6 18. Bd2 {½-½ (39) Carlsen,M (2832)-Grischuk,A (2750) chess.com INT 2017}) 6... Bg7 7. Qc1 h6 8. O-O {The position is equal.} d6 9. a4 $146 ({Predecessor:} 9. c3 e5 10. Na3 Be6 {½-½ (10) Ciocaltea,V-Schmidt,W (2505) Smederevska Palanka 1981}) 9... e5 10. c3 (10. Nc3 $11) 10... Bg4 (10... f5 $15) 11. h3 Be6 12. Kh2 Qd7 13. c4 g5 14. Nc3 f5 15. exf5 Bxf5 16. Ne4 Ng6 17. Ng1 O-O 18. Qd1 Nge7 19. Ne2 Rad8 20. a5 Nd4 (20... Nb4 $15) 21. Nxd4 $11 cxd4 22. Bd2 d5 23. cxd5 Nxd5 24. Qb3 Qf7 25. Rac1 (25. Bb4 $5 Nxb4 26. Qxb4 $11) 25... Kh8 {And now ...Ne3 would win.} (25... Nf6 $5 {[%cal Rf7b3]} 26. Qb4 Nxe4 27. dxe4 Be6 $15) 26. a6 (26. Qb5 $14 {keeps the upper hand.}) 26... bxa6 ({Better is} 26... Ne3 $1 $17 {[%cal Re3f1]} 27. Qxf7 Nxf1+ 28. Rxf1 Rxf7 29. axb7 Rxb7 30. Nxg5 Rdd7 31. Bxb7 Rxb7) 27. Rc6 $2 {[%mdl 8192]} (27. Qc4 $11) 27... Ne3 $19 {[%mdl 64] Discovered Attack} 28. Qxf7 Nxf1+ 29. Kg1 Rxf7 30. Kxf1 Rb7 31. b4 Rb6 32. Rc7 Rd7 (32... Bf8 $19 33. Rf7 Be6 34. Rxa7 Rc8) 33. Rc8+ $17 Kh7 34. g4 {[#]} Bg6 $1 35. Ke2 Rf7 36. Nc5 Rbf6 ({Black should try} 36... Rd6 $19 {...Bf8 is the strong threat.} 37. Ne4 Rdd7) 37. Be1 (37. Ne4 $15) 37... Rf8 38. Rc7 R8f7 39. Rc8 $1 Rf8 40. Rc7 $1 R8f7 41. Rc8 $1 {[#]} Rf8 $2 {Accuracy: White = 47%, Black = 32%.} (41... Re7 $1 $19 42. Bd5 Rf8) 1/2-1/2

[Event "SVK ECo-C Extraliga 2018-19"]
[Site "Slovakia"]
[Date "2019.03.09"]
[Round "7.5"]
[White "Stohl, Igor"]
[Black "Holtman, Teodor"]
[Result "1-0"]
[WhiteElo "2488"]
[BlackElo "2273"]
[Annotator "ChessBase"]
[PlyCount "52"]
[EventDate "2018.11.10"]
[EventType "team-tourn"]
[EventCountry "SVK"]
[SourceTitle "playchess.com"]
[Source "ChessBase"]
[SourceQuality "1"]
[WhiteTeam "Modra"]
[BlackTeam "Snina"]
[TimeControl "40/5400+30:1800+30"]

1. Nf3 {[%emt 0:00:00]} e6 {[%emt 0:00:24]} 2. c4 {[%emt 0:01:09]} f5 {[%emt 0:00:43]} 3. g3 {[%emt 0:00:51]} Nf6 {[%emt 0:02:29]} 4. Bg2 {[%emt 0:00:17]} Be7 {[%emt 0:00:49]} 5. O-O {[%emt 0:00:15]} O-O {[%emt 0:00:32]} 6. b3 {[%emt 0:00:29]} c6 {[%emt 0:03:48]} 7. Bb2 {[%emt 0:02:39]} Qc7 {[%emt 0:03:14]} 8. d3 {[%emt 0:11:09]} d6 {[%emt 0:00:42]} 9. Nbd2 {[%emt 0:00:18]} e5 {[%emt 0:04:17]} 10. c5 {[%emt 0:01:53]} Be6 {[%emt 0:07:51]} 11. Qc2 {[%emt 0:05:53]} Kh8 {[%emt 0:09:07]} 12. cxd6 {[%emt 0:12:46]} Bxd6 {[%emt 0:00:14]} 13. Nc4 {[%emt 0:00:23]} Nbd7 {[%emt 0:01:20]} 14. Nxd6 {[%emt 0:07:09]} Qxd6 {[%emt 0:00:04]} 15. e4 {[%emt 0:01:01]} Rae8 {[%emt 0:17:14]} 16. Rad1 {[%emt 0:02:13]} c5 {[%emt 0:14:58]} 17. Rfe1 {[%emt 0:14:04]} Ng4 {[%emt 0:11:26]} 18. exf5 {[%emt 0:07:25]} Bxf5 {[%emt 0:00:24]} 19. Qe2 {[%emt 0:01:35]} Qa6 {[%emt 0:05:43]} 20. Ba1 {[%emt 0:04:23]} Ngf6 {[%emt 0:11:02]} 21. Nxe5 {[%emt 0:04:51]} Nxe5 {[%emt 0:01:33]} 22. Bxe5 {[%emt 0:00:04]} Ng4 {[%emt 0:01:35]} 23. Qb2 {[%emt 0:01:50]} Qh6 {[%emt 0:01:15]} 24. h4 {[%emt 0:01:06]} Nxe5 {[%emt 0:00:41]} 25. Rxe5 {[%emt 0:00:17]} b6 {[%emt 0:00:33]} 26. d4 {[%emt 0:01:53]} Qf6 1-0

[Event "SVK ECo-C Extraliga 2018-19"]
[Site "Slovakia"]
[Date "2019.03.09"]
[Round "7.5"]
[White "Varga, Zoltan"]
[Black "Wiewiora, Eneasz"]
[Result "*"]
[WhiteElo "2440"]
[BlackElo "2354"]
[Annotator "TA"]
[PlyCount "34"]
[EventDate "2018.11.10"]
[EventType "team-tourn"]
[EventCountry "SVK"]
[SourceTitle "playchess.com"]
[Source "ChessBase"]
[SourceQuality "1"]
[WhiteTeam "Streda"]
[BlackTeam "Dubnica"]

{[%evp 27,34,19,17,0,0,-12,39,35,57]} 1. d4 d5 2. c4 dxc4 3. Nf3 a6 4. a4 Nf6 5. e3 e6 6. Bxc4 c5 7. O-O Nc6 8. Nc3 Qc7 9. Qe2 Bd6 10. h3 O-O 11. Rd1 b6 12. d5 exd5 13. Nxd5 Nxd5 14. Bxd5 Bb7 15. b3 {D27: Queen's Gambit Accepted: Classical main line: 7 e4!? and 7 a4} Rad8 16. e4 Na5 $146 ({Better is} 16... Rfe8 $11) ({Predecessor:} 16... Rfe8 17. Ng5 Ne5 18. Bb2 h6 19. Bxe5 Bxd5 20. Bxd6 Rxd6 21. Qd3 hxg5 22. exd5 Red8 23. Qxa6 Rxd5 24. Rxd5 Rxd5 25. Re1 Qd8 26. Qb5 Rd1 {½-½ (26) Latzke,B (2220)-Kvetny,M (2406) Stuttgart 2017}) 17. Bg5 $14 Be7 *

[Event "SVK ECo-C Extraliga 2018-19"]
[Site "Slovakia"]
[Date "2019.03.09"]
[Round "7.5"]
[White "Wiewiora, Eneasz"]
[Black "Varga, Zoltan"]
[Result "1/2-1/2"]
[WhiteElo "2354"]
[BlackElo "2440"]
[Annotator "TA"]
[PlyCount "49"]
[EventDate "2018.11.10"]
[EventType "team-tourn"]
[EventCountry "SVK"]
[SourceTitle "playchess.com"]
[Source "ChessBase"]
[SourceQuality "1"]
[WhiteTeam "Dubnica"]
[BlackTeam "Streda"]

{[%evp 27,49,14,14,0,0,0,55,41,66,0,0,0,0,0,0,0,0,0,5,5,5,9,6,3]} 1. d4 d5 2. c4 dxc4 3. Nf3 a6 4. a4 Nf6 5. e3 e6 6. Bxc4 c5 7. O-O Nc6 8. Nc3 Qc7 9. Qe2 Bd6 10. h3 O-O 11. Rd1 b6 12. d5 exd5 13. Nxd5 Nxd5 14. Bxd5 Bb7 15. b3 {D27: Queen's Gambit Accepted: Classical main line: 7 e4!? and 7 a4} Rad8 16. e4 Na5 $146 (16... Rfe8 $11) ({Predecessor:} 16... Rfe8 17. Ng5 Ne5 18. Bb2 h6 19. Bxe5 Bxd5 20. Bxd6 Rxd6 21. Qd3 hxg5 22. exd5 Red8 23. Qxa6 Rxd5 24. Rxd5 Rxd5 25. Re1 Qd8 26. Qb5 Rd1 {½-½ (26) Latzke,B (2220)-Kvetny,M (2406) Stuttgart 2017}) 17. Bg5 $14 {White is slightly better.} Be7 18. Bxb7 ({White should try} 18. b4 $1 $14 Nc6 19. Bxe7 Qxe7 20. bxc5 bxc5 21. Qc4) 18... Qxb7 $11 {The position is equal.} 19. Bxe7 Qxe7 20. Qxa6 Nxb3 21. Rxd8 Rxd8 22. Rb1 Nd4 23. Nxd4 Rxd4 24. Qxb6 {[#] Black must now prevent a5.} Rxa4 25. Qc6 1/2-1/2

[Event "SVK ECo-C Extraliga 2018-19"]
[Site "Slovakia"]
[Date "2019.03.09"]
[Round "7.5"]
[White "Haring, Filip"]
[Black "Kukel, Imre"]
[Result "1-0"]
[WhiteElo "2286"]
[BlackElo "2292"]
[Annotator "NA"]
[PlyCount "55"]
[EventDate "2018.11.10"]
[EventType "team-tourn"]
[EventCountry "SVK"]
[SourceTitle "playchess.com"]
[Source "ChessBase"]
[SourceQuality "1"]
[WhiteTeam "Liptovska"]
[BlackTeam "Komarno"]
[TimeControl "40/5400+30:1800+30"]

1. e4 {[%emt 0:00:00]} c5 {[%emt 0:10:36]} 2. Nf3 {[%emt 0:00:00]} d6 {[%emt 0:02:39]} 3. d4 {[%emt 0:00:29]} cxd4 {[%emt 0:00:03]} 4. Nxd4 {[%emt 0:00:07]} Nf6 {[%emt 0:00:03]} 5. Nc3 {[%emt 0:00:10]} a6 {[%emt 0:00:17]} 6. h3 {[%emt 0:00:26]} g6 {[%emt 0:00:07]} 7. g4 {[%emt 0:02:52]} Bg7 {[%emt 0:02:10]} 8. Be3 {[%emt 0:05:34]} O-O {[%emt 0:04:53]} 9. Bg2 {[%emt 0:03:47]} Nbd7 {[%emt 0:07:44]} 10. Qe2 {[%emt 0:12:43]} e5 {[%emt 0:04:44]} 11. Nb3 $1 {[%emt 0:01:28]} b5 $14 {[%emt 0:00:47]} 12. O-O-O {[%emt 0:07:43]} b4 {[%emt 0:07:59]} 13. Na4 {[%emt 0:01:22]} Qc7 {[%emt 0:02:32]} 14. Qd2 {[%emt 0:04:17]} Qc6 {[%emt 0:02:29]} 15. Qxb4 {[%emt 0:00:35]} Rb8 {[%emt 0:01:31]} 16. Qa3 {[%emt 0:05:32]} Nc5 {[%emt 0:20:15]} 17. Naxc5 {[%emt 0:03:41]} dxc5 {[%emt 0:00:01]} 18. Qxc5 {[%emt 0:05:25]} Qa4 {[%emt 0:00:27]} 19. Qa5 {[%emt 0:00:40]} Qc4 {[%emt 0:00:17]} 20. Nc5 {[%emt 0:07:26]} h5 {[%emt 0:08:16]} 21. Bf1 {[%emt 0:03:55]} Qb4 {[%emt 0:00:05]} 22. Qxb4 {[%emt 0:00:07]} Rxb4 {[%emt 0:00:04]} 23. f3 {[%emt 0:00:37]} h4 {[%emt 0:01:01]} 24. a3 {[%emt 0:01:54]} Rb6 {[%emt 0:00:13]} 25. b4 {[%emt 0:02:16]} Nh7 {[%emt 0:00:12]} 26. Nd7 {[%emt 0:03:31]} Bxd7 {[%emt 0:00:06]} 27. Bxb6 {[%emt 0:00:07]} Bc6 {[%emt 0:00:12]} 28. Bxa6 {[%emt 0:01:47]} 1-0